Top 10 European Countries by Highest Recorded Temperature - Statistics

General Stats
  • This quiz has been taken 51 times
  • The average score is 9 of 10
Answer Stats
° C Country ° F % Correct
48 Greece 118.4
100%
47 Italy 116.6
100%
46 France 114.8
98%
47.4 Portugal 117.3
98%
47.6 Spain 117.7
98%
45.2 Bulgaria 113.4
94%
44.9 Serbia 112.8
87%
45.7 North Macedonia 114.3
81%
46.2 Bosnia and Herzegovina 115.2
70%
45.4 Russia 113.7
70%
No matching quizzes found
Score Distribution
Percent of People with Each Score
Percentile by Number Answered
Your Score History
You have not taken this quiz